| 000 | 00564nam a2200181Ia 4500 | ||
|---|---|---|---|
| 003 | GCL | ||
| 008 | 140319s9999 xx 000 0 ara d | ||
| 040 |
_aGCL / _cGCL |
||
| 082 | 0 | 4 |
_a210.3 _bع ا |
| 100 | 1 | _aعبدالصبور مرزوق | |
| 245 | 1 | 0 |
_aمعجم الاعلام والموضوعات فى القران الكريم / _cعبدالصبور مرزوق |
| 490 |
_a100 قصة _v0 |
||
| 650 | 0 | 4 | _aالقران - معاجم |
| 650 | 0 | 4 | _aالمعاجم |
| 650 | 0 | 4 | _aقصص الانبياء |
| 650 | 0 | 4 | _aالقصص القرآنية |
| 942 |
_2ddc _cBK |
||
| 999 |
_c46222 _d46222 |
||